000 00335 a2200109 4500
001 ART_7304
005 20260410161720.0
008 260409a
245 1 0 _aLa Contabilidad acumulativa y por lo devengado
100 1 _aLe Pera, Alfredo
773 0 _tContabilidad y auditoría
_g- Año 7, Nº 14 (dic. 2001)
_wREV1723
999 _c16846
_d16846